Sammeln, ordnen, vermitteln

Titel: Sammeln, ordnen, vermitteln : 1910 - 2010, SWA Schweizerisches Wirtschaftsarchiv / [Texte Irene Amstutz ; Matthias Wiesmann]
Verfasser:
Beteiligt:
Veröffentlicht: Basel : SWA, 2010
Umfang: 96 S. : Ill. ; 15 cm
Format: Buch
Sprache: Deutsch
Schlagworte:
Kein Bild verfügbar
X
alg: 24710282
001A    $06000:13-05-11 
001B    $06055:18-03-26 $t19:19:03.000 
001D    $06000:13-05-11 
001U    $0utf8 
001X    $00 
002@    $0Aaxaf 
003@    $0247102822 
004A    $fkart. 
006G    $0100951881X 
006U    $011,B19 $f20110113 
007A    $0100951881X $aDNB 
010@    $ager 
011@    $a2010 $n2010 
015@    $00 
017A    $asf 
021A    $aSammeln, ordnen, vermitteln $d1910 - 2010, SWA Schweizerisches Wirtschaftsarchiv $h[Texte Irene Amstutz ; Matthias Wiesmann] 
028A    $7124681794 $8Amstutz, Irene$Z1965- [Tp3] $9155317679 
028B/01 $7 $8Wiesmann, Matthias [Tnd] $9145750515 
033A    $pBasel $nSWA 
034D    $a96 S. 
034I    $a15 cm 
034M    $aIll. 
044K    $RUniversitätsbibliothek Basel $#Archives économiques suisses $#Wirtschaftsarchiv Basel $#SWA $#Universitätsbibliothek Basel, Schweizerisches Wirtschaftsarchiv $D20251120 $Ecgmnf $72021763-8 $8Schweizerisches Wirtschaftsarchiv [Tb1] $9042755654 
044K    $RArchivkunde $RArchivalien $RArchivar $RKulturelle Einrichtung $#Archives $#Archives $#Archivos $#Archiv $#Archiv $#Elektronisches Archiv $#Archivwesen $#Archive $D20251120 $Ecgmnf $74002859-8 $8Archiv [Ts1] $9084999330 
044K    $RKulturelle Einrichtung $RBibliothekswissenschaft $#Libraries $#Bibliothèques $#Biblioteche $#Bibliotecas $#libraries $#Libraries $#Bibliothek $#Bibliothek $#Bibliotheken $#Allgemeinbibliothek $#Bibliothekswesen $#Bücherei $#Universalbibliothek $#Gebrauchsbibliothek $D20251120 $Ecgmnf $74006439-6 $8Bibliothek [Tsz] $9085009229 
044K    $#Economics $#Économie politique $#Wirtschaftswissenschaft $#Wirtschaftswissenschaft $#Wirtschaftswissenschaften $#Ökonomie Wirtschaftswissenschaften $#Wirtschaftswissenschaft $D20251120 $Ecgmnf $74066528-8 $8Wirtschaftswissenschaften [Ts1] $9085187070 
044K    $#Basel $#Kanton Basel-Stadt $#Bâle $#Basilea $#Basle $#Stadt Basel $#Stadt und Land Basel $#Stadt und Landschaft Basel $#Stand Basel $#Freistand Basel $#Basel Freie Stadt $#Basel eidgenössischer Stand $#Basel eidgenössischer Ort $#Canton Basel $#Freistaat Basel $#Augusta Munatianae $#Basilia $#Bassel $#Athenae Helveticorum $#Colonia Munatianae $#Colonia Munatiana $#Basilea Rauracorum $#Augusta Munatiana $#Augusta Rauracorum $#Basilea Helvetiorum $#Colonia Planciana $#Athena Helveticorum $#Athena Rauracorum $#B le $D20251120 $Ecgmnf $74004617-5 $8Basel [Tg1] $9085004154 
045E    $c020 
045F    $a026.33009494 $eDDC22ger 
045F/01 $a026 
045F/02 $a330 
045F/03 $g494 

lok: 24710282 105

exp: 24710282 105 1 #EPN
201B/01 $013-02-25 $t15:03:21.000 
201C/01 $013-02-25 
201U/01 $0utf8 
203@/01 $01292400293 
208@/01 $a13-02-25 $be 
209A/01 $a/ $f106 $x00 
245Z/01 $a2.15.04. $bArchivwissenschaft und Archivtheorie / Archivsparten / Wirtschaftsarchive $x02 
245Z/01 $a4.12.02. $bArchivwesen Europas / Schweiz, Liechtenstein / Archive und Archivbestände $x04 
247C/01 $8->Marburg, Bibliographie zum Archivwesen der Archivschule Marburg $939588196X
LEADER 00000cam a22000002c 4500
001 247102822
003 DE-603
005 20260318191903.0
007 tu
008 110513s2010 xx |||| | u00||u|ger
015 |a 11,B19  |2 dnb 
016 7 |2 DE-101  |a 100951881X 
035 |a (DE-599)DNB100951881X 
040 |a DE-603  |b ger  |c DE-603  |d DE-603 
041 |a ger 
082 0 4 |8 1\u  |a 026.33009494  |q DE-101  |2 22/ger 
084 |a 020  |q DE-101  |2 sdnb 
085 |8 1\u  |b 026 
085 |8 1\u  |s 330 
085 |8 1\u  |z 2  |s 494 
090 |a b 
100 1 |a Amstutz, Irene  |d 1965-  |0 (DE-603)155317679  |0 (DE-588)124681794  |2 gnd 
245 0 0 |a Sammeln, ordnen, vermitteln  |b 1910 - 2010, SWA Schweizerisches Wirtschaftsarchiv  |c [Texte Irene Amstutz ; Matthias Wiesmann] 
264 1 |a Basel  |b SWA  |c 2010 
300 |a 96 S.  |b Ill.  |c 15 cm 
610 1 7 |a Schweizerisches Wirtschaftsarchiv  |2 gnd  |0 (DE-588)2021763-8  |0 (DE-603)042755654 
650 7 |a Archiv  |0 (DE-588)4002859-8  |0 (DE-603)084999330  |2 gnd 
650 7 |a Bibliothek  |0 (DE-588)4006439-6  |0 (DE-603)085009229  |2 gnd 
650 7 |a Wirtschaftswissenschaften  |0 (DE-588)4066528-8  |0 (DE-603)085187070  |2 gnd 
651 7 |a Basel  |0 (DE-588)4004617-5  |0 (DE-603)085004154  |2 gnd 
700 1 |a Wiesmann, Matthias  |0 (DE-603)145750515 
924 0 |9 -  |a (DE-603)1292400293  |b DE-  |c HES  |d d  |g /